000
00282 a2200133 4500
001
120496
040
_c
Escola Canadense de Niteroi
245
1
0
_a
Mapa: Brasil hidrográfico
362
0
_a
2013
650
4
_a
Mapa
650
4
_a
Hidrográfico
650
4
_a
Geografia
942
_c
MATP
999
_c
120496
_d
120496